书目信息 |
| 题名: |
書史會要
|
|
| 作者: | 陶宗仪, , 朱谋垔, 撰 ;徐美洁 点校 | |
| 分册: | ||
| 出版信息: | 杭州 浙江人民美術出版社 2019.12 |
|
| 页数: | 434页 | |
| 开本: | 21cm | |
| 丛书名: | 藝術文獻集成 | |
| 单 册: | ||
| 中图分类: | J292.11 , K825.72=2 | |
| 科图分类: | ||
| 主题词: | 书法评论--shu fa ping lun--中国--古代 , 书法家--shu fa jia--人物研究--中国--古代 | |
| 电子资源: | ||
| ISBN: | 978-7-5340-7479-0 | |
| 000 | 01443nam 2200385 450 | |
| 001 | CAL 0120192865126 | |
| 005 | 20230217093111.0 | |
| 010 | @a978-7-5340-7479-0@dCNY79.80 | |
| 100 | @a20191224d2019 em y0chiy0120 ea | |
| 101 | 0 | @achi |
| 102 | @aCN@b330000 | |
| 105 | @ay z 000yc | |
| 106 | @ar | |
| 200 | 1 | @a書史會要@Ashu shi hui yao@f(明) 陶宗儀@c續書史會要@f(明) 朱謀垔 |
| 210 | @a杭州@c浙江人民美術出版社@d2019.12 | |
| 215 | @a434页@d21cm | |
| 225 | 2 | @a藝術文獻集成@Ayi shu wen xian ji cheng |
| 314 | @a版权页题: 徐美潔點校 | |
| 330 | @a《书史会要》为明初辑录历代书法家的生平事迹、理论主张、著述的著作, 元末明初陶宗仪著。该书体力谨严, 论述简洁准确, 是研究书法家及书法史的重要著作。《续书史会要》收录了《书史会要》和《续书史会要》两部作品。《续书史会要》以《四库全书》本为底本, 参校清抄本。 | |
| 410 | 0 | @12001 @a藝術文獻集成 |
| 423 | 0 | @12001 @a續書史會要@1701 0@a朱谋垔,@f明代 |
| 518 | 1 | @a书史会要 |
| 518 | 1 | @a续书史会要 |
| 606 | 0 | @a书法评论@Ashu fa ping lun@y中国@z古代 |
| 606 | 0 | @a书法家@Ashu fa jia@x人物研究@y中国@z古代 |
| 690 | @aJ292.11@v5 | |
| 690 | @aK825.72=2@v5 | |
| 701 | 0 | @a陶宗仪,@Atao zong yi@f明代@4撰 |
| 701 | 0 | @a朱谋垔,@Azhu mou yin@f明代@4撰 |
| 702 | 0 | @a徐美洁@Axu mei jie@4点校 |
| 730 | 1 | @a陶宗儀@Atao zong yi@4撰 |
| 730 | 1 | @a朱謀垔@Azhu mou yin@4撰 |
| 730 | 1 | @a徐美潔@Axu mei jie@4點校 |
| 801 | 0 | @aCN@bBJXHZP@c20230228 |
| 905 | @b1398145-8@dJ292.11@e761@f4 | |
| 書史會要/(明) 陶宗儀.續書史會要/(明) 朱謀垔.-杭州:浙江人民美術出版社,2019.12 |
| 434页;21cm.-(藝術文獻集成) |
| ISBN 978-7-5340-7479-0:CNY79.80 |
| 《书史会要》为明初辑录历代书法家的生平事迹、理论主张、著述的著作, 元末明初陶宗仪著。该书体力谨严, 论述简洁准确, 是研究书法家及书法史的重要著作。《续书史会要》收录了《书史会要》和《续书史会要》两部作品。《续书史会要》以《四库全书》本为底本, 参校清抄本。 |
| ● |
| 相关链接 |
|
|
|
|
正题名:書史會要
索取号:J292.11/761
 
预约/预借
| 序号 | 登录号 | 条形码 | 馆藏地/架位号 | 状态 | 备注 |
| 1 | 1398145 | 213981459 | 第一样本阅览室/ [索取号:J292.11/761] | 在馆 | |
| 2 | 1398146 | 213981468 | 第一借阅区/ [索取号:J292.11/761] | 在馆 | |
| 3 | 1398147 | 213981477 | 第一借阅区/ [索取号:J292.11/761] | 在馆 | |
| 4 | 1398148 | 213981486 | 第一借阅区/ [索取号:J292.11/761] | 在馆 |